00739nam a2200253 a 4500001001300000003000900013005001700022008004100039020002300080082001800103100001700121245003300138260004400171300000900215500003500224505001000259650002800269650002000297700001700317902000800334942000700342952011900349999001700468nice12345678IN_TiNIC20260116013746.0050524s1999 lona grp 000 0 eng  a0195251 c45000a306.0954bALA aAlam, Javeed aIndia, Living With Modernity aLondan bOxford University Press c1999 a241p aincludes index and biblioraphy2 aIndex aCulture-India-Modernity aModernity-India1 aAlam, Javeed bSRS cBK 001040708StackRoom-aHMIbHMId2008-07-28g450.00l0o306.0954 ALAp019082r2008-07-28v450.00w2005-05-24yBK c12345d12345